Systems of Bhabbr Grass Lease Management In Haryana (Record no. 598402)

MARC details
000 -LEADER
fixed length control field 00479nam a2200145Ia 4500
008 - FIXED-LENGTH DATA ELEMENTS--GENERAL INFORMATION
fixed length control field 100415s9999 xx 000 0 und d
082 ## - DEWEY DECIMAL CLASSIFICATION NUMBER
Item number 15504
Classification number 584.9(54558)
100 ## - MAIN ENTRY--PERSONAL NAME
Personal name Varalakshmi V
245 ## - TITLE STATEMENT
Title Systems of Bhabbr Grass Lease Management In Haryana
260 ## - PUBLICATION, DISTRIBUTION, ETC. (IMPRINT)
Place of publication, distribution, etc NEW DELHI
Date of publication, distribution, etc 1993
Name of publisher, distributor, etc HARYANA FOREST DEPARTMENT
365 ## - TRADE PRICE
Price amount 0
630 ## - SUBJECT ADDED ENTRY--UNIFORM TITLE
Uniform title Systems of Bhabbr Grass Lease Management In Haryana
730 ## - ADDED ENTRY--UNIFORM TITLE
Uniform title Systems of Bhabbr Grass Lease Management In Haryana
942 ## - ADDED ENTRY ELEMENTS (KOHA)
Koha item type Book
Holdings
Withdrawn status Lost status Damaged status Not for loan Home library Current library Date acquired Cost, normal purchase price Total Checkouts Full call number Barcode Date last seen Price effective from Koha item type
        Bombay Natural History Society Bombay Natural History Society 10/23/1997 0.00   584.9(54558) 15504 BNHS-15504 04/15/2010 04/15/2010 Book